00989cam a2200289 4500001001300000003000400013005001700017008004100034010001700075040003600092050002000128070002400148082001700172110007500189245012500264260002300389300002900412410002600441500001700467504002800484650002700512650004300539650002700582650004300609700003000652999001700682agr67000397 DLC20260227111028.0700508s1967 dcub bs 000 0 eng c aagr67000397  aU.S. Nat'l Agr. Libr.cDLCdDLC00aHD9014.B82bU450 aA281.9 Ag83 no. 19000a382/.41/09811 aUnited States.bDepartment of Agriculture.bEconomic Research Service.10aBrazil's position in world agricultural tradec[by Howard A. Osborn, and staff members of the Western Hemisphere Branch. aWashington,c1967] aiv, 133 p.bmap.c26 cm.11aItstERS-foreignv190 aCover title. aBibliography: p. 86-88. 0aProduce tradezBrazil. 0aAgriculturexEconomic aspectszBrazil. 3aProduce tradezBrazil. 3aAgriculturexEconomic aspectszBrazil.1 aOsborn, Howard A.,d1925- c12318d12318